Stalin, Hitler, and Europe. (Record no. 13224)
[ view plain ]
| 000 -LEADER | |
|---|---|
| fixed length control field | 01267cam a22003371i 4500 |
| 001 - CONTROL NUMBER | |
| control field | 283761 |
| 003 - CONTROL NUMBER IDENTIFIER | |
| control field | EG-ScBUE |
| 005 - DATE AND TIME OF LATEST TRANSACTION | |
| control field | 20240321120212.0 |
| 008 - FIXED-LENGTH DATA ELEMENTS--GENERAL INFORMATION | |
| fixed length control field | 731207t1968 ohu f b 000 0 eng d |
| 040 ## - CATALOGING SOURCE | |
| Original cataloging agency | DLC |
| Language of cataloging | eng |
| Description conventions | rda |
| Transcribing agency | DLC |
| Modifying agency | DLC |
| -- | EG-ScBUE |
| 043 ## - GEOGRAPHIC AREA CODE | |
| Geographic area code | e-gx--- |
| -- | e-ur--- |
| 082 04 - DEWEY DECIMAL CLASSIFICATION NUMBER | |
| Edition number | 22 |
| Classification number | 940.53112 |
| Item number | MCS |
| 100 1# - MAIN ENTRY--PERSONAL NAME | |
| Personal name | McSherry, James E., |
| Relator term | author. |
| 9 (RLIN) | 10729 |
| 245 10 - TITLE STATEMENT | |
| Title | Stalin, Hitler, and Europe. |
| Statement of responsibility, etc | by James E. McSherry. |
| 246 30 - VARYING FORM OF TITLE | |
| Title proper/short title | Origins of the World War 2 1933-1939 |
| 264 #1 - PUBLICATION, DISTRIBUTION, ETC. (IMPRINT) | |
| Place of publication, distribution, etc | Cleveland, Ohio ; |
| -- | New York : |
| Name of publisher, distributor, etc | The World Publishing Company, |
| Date of publication, distribution, etc | [1968] |
| 264 #4 - PUBLICATION, DISTRIBUTION, ETC. (IMPRINT) | |
| Date of publication, distribution, etc | c1968 |
| 300 ## - PHYSICAL DESCRIPTION | |
| Extent | 2 volumes ; |
| Dimensions | 24 cm |
| 336 ## - CONTENT TYPE | |
| Source | rdacontent |
| Content type term | text |
| Content type code | txt |
| 337 ## - MEDIA TYPE | |
| Media type term | unmediated |
| Source | rdamedia |
| Media type code | n |
| 338 ## - CARRIER TYPE | |
| Carrier type term | volume |
| Carrier type code | nc |
| Source | rdacarrier |
| 504 ## - BIBLIOGRAPHY, ETC. NOTE | |
| Bibliography, etc | Includes bibliographical references. |
| 505 1# - FORMATTED CONTENTS NOTE | |
| Formatted contents note | Volume 1. The origins of World War II, 1933-1939. -- Volume 2. The imbalance of power, 1939-1941. |
| 650 #7 - SUBJECT ADDED ENTRY--TOPICAL TERM | |
| Topical term or geographic name as entry element | World War, 1939-1945 |
| General subdivision | Causes. |
| Source of heading or term | BUEsh |
| 9 (RLIN) | 10730 |
| 650 #7 - SUBJECT ADDED ENTRY--TOPICAL TERM | |
| Topical term or geographic name as entry element | World War, 1939-1945 |
| General subdivision | Diplomatic history. |
| Source of heading or term | BUEsh |
| 9 (RLIN) | 10731 |
| 651 #7 - SUBJECT ADDED ENTRY--GEOGRAPHIC NAME | |
| Geographic name | Germany |
| General subdivision | Foreign relations |
| Chronological subdivision | 1933-1945. |
| Source of heading or term | BUEsh |
| 9 (RLIN) | 10732 |
| 651 #7 - SUBJECT ADDED ENTRY--GEOGRAPHIC NAME | |
| Geographic name | Soviet Union |
| General subdivision | Foreign relations |
| Chronological subdivision | 1917-1945. |
| Source of heading or term | BUEsh |
| 9 (RLIN) | 10733 |
| 655 ## - INDEX TERM--GENRE/FORM | |
| Form subdivision | Reading book |
| 942 ## - ADDED ENTRY ELEMENTS (KOHA) | |
| Source of classification or shelving scheme | Dewey Decimal Classification |
| Koha item type | Book - Borrowing |
| Withdrawn status | Lost status | Source of classification or shelving scheme | Damaged status | Not for loan | Collection code | Home library | Current library | Shelving location | Date acquired | Source of acquisition | Total Checkouts | Total Renewals | Full call number | Barcode | Date last seen | Date checked out | Price effective from | Koha item type | Public note |
|---|---|---|---|---|---|---|---|---|---|---|---|---|---|---|---|---|---|---|---|
| Dewey Decimal Classification | Donation-Gift | Central Library | Central Library | Second Floor | 31/01/2010 | Donation | 8 | 22 | 940.53112 MCS | 000019433 | 15/07/2025 | 02/10/2018 | 31/01/2010 | Book - Borrowing | V. 1 |